Statistics for Top 20 Words Ending in SS

Click here to take the quiz!

General Stats

  • This quiz has been taken 567 times
  • The average score is 7 of 20

Answer Stats

ranklettersword% Correct
194mass
77%
34miss
75%
24less
73%
54pass
72%
94loss
65%
175dress
55%
45press
50%
15class
41%
125glass
41%
186stress
39%
155cross
36%
147address
21%
87success
17%
116access
16%
206unless
14%
106across
13%
68business
9%
167express
9%
77process
9%
137discuss
3%

Score Distribution

Percentile by Number Answered

Percent of People with Each Score

Your Score History

You have not taken this quiz